Countries With The Most Official Languages - Statistics

General Stats
  • This quiz has been taken 23 times
  • The average score is 8 of 18
Answer Stats
# Country % Correct
11 South Africa
90%
3 Papua New Guinea
86%
37 Bolivia
76%
5 Ethiopia
67%
4 Switzerland
67%
4 Singapore
62%
15 Zimbabwe
57%
13 Mali
48%
3 Fiji
43%
3 Vanuatu
43%
3 Luxembourg
33%
3 Bosnia and Herzegovina
29%
4 Burkina Faso
29%
3 Burundi
29%
4 Rwanda
29%
3 Equatorial Guinea
24%
3 Comoros
14%
3 Seychelles
14%
No matching quizzes found
Score Distribution
Percent of People with Each Score
Percentile by Number Answered
Your Score History
You have not taken this quiz